Sustainable construction (Record no. 106685)

MARC details
000 -LEADER
fixed length control field 01353cam a22002535a 4500
001 - CONTROL NUMBER
control field E137202
008 - FIXED-LENGTH DATA ELEMENTS--GENERAL INFORMATION
fixed length control field 070322s2008 xxk o f 001 0 eng d
020 ## - INTERNATIONAL STANDARD BOOK NUMBER
International Standard Book Number 9780750663946
035 ## - SYSTEM CONTROL NUMBER
System control number (Sirsi) u137202
041 0# - LANGUAGE CODE
Language code of text/sound track or separate title eng
050 04 - LIBRARY OF CONGRESS CALL NUMBER
Classification number 333.72 $2 18
100 1# - MAIN ENTRY--PERSONAL NAME
Personal name Halliday, Sandy
245 00 - TITLE STATEMENT
Title Sustainable construction
260 ## - PUBLICATION, DISTRIBUTION, ETC.
Place of publication, distribution, etc. Oxford
Name of publisher, distributor, etc. Elsevier
Date of publication, distribution, etc. 2008
300 ## - PHYSICAL DESCRIPTION
Extent ix, 395p.
Other physical details ill.
Dimensions 28cm.
350 ## - PRICE (NR) (BK AM CF MU VM SE) [OBSOLETE]
Price 29.99
505 2# - FORMATTED CONTENTS NOTE
Formatted contents note Sustainability drivers -- Policy and legislation -- Cost issues -- Appraisal tools and techniques -- Materials selection -- Low-impact construction -- Heating -- Electrical installations -- Lighting and daylighting -- Ventilation and cooling strategies -- Renewable technology -- Water and sewerage management -- Construction processes -- Urban ecology
520 ## - SUMMARY, ETC.
Summary, etc. Written for building design, management and cost professionals, this book summarises sources of best practice guidance on the design of sustainable buildings and built environments. Deals with the history of ideas, materials, measurement (cost and benchmarking performance), and the building design and delivery process through to post-occupancy evaluation. Includes UK and international case studies.
521 2# - TARGET AUDIENCE NOTE
Target audience note Advanced
590 ## - LOCAL NOTE (RLIN)
Local note KA
651 #4 - SUBJECT ADDED ENTRY--GEOGRAPHIC NAME
Geographic name International
690 ## - LOCAL SUBJECT ADDED ENTRY--TOPICAL TERM (OCLC, RLIN)
Topical term or geographic name as entry element BUILT ENVIRONMENT-SUSTAINABLE CONSTRUCTION
942 ## - ADDED ENTRY ELEMENTS (KOHA)
Suppress in OPAC 0
Holdings
Withdrawn status Lost status Source of classification or shelving scheme Damaged status Not for loan Home library Current library Shelving location Date acquired Total Checkouts Full call number Barcode Date last seen Date last checked out Copy number Price effective from Koha item type
    Dewey Decimal Classification     London London Folio 25/01/2008 9 F333.72 HAL 30072546 06/08/2019 13/05/2010 1 06/08/2019 Book